Teritoriální a komoditní informace: Izrael

Špecifiká obchodnej praxe v Izraeli. Upresnenie významu niektorých termínov používaných v miestnom zastúpení: procesný agent, nezávislý obchodný agent, obchodný zástupca. Zmluvy o obchodnom zastúpení v izraelskom chápaní. Distribučné zmluvy a ich zvláštnosti.

Guardado en:
Detalles Bibliográficos
Formato: Capítulo de libro
Lenguaje:checo
Materias:
Etiquetas: Agregar Etiqueta
Sin Etiquetas, Sea el primero en etiquetar este registro!

MARC

LEADER 00000naa a2200000 4500
001 r034535
005 20230908092611.3
041 0 |a cze 
044 |a CZ 
245 1 0 |a Teritoriální a komoditní informace: Izrael 
520 |a Špecifiká obchodnej praxe v Izraeli. Upresnenie významu niektorých termínov používaných v miestnom zastúpení: procesný agent, nezávislý obchodný agent, obchodný zástupca. Zmluvy o obchodnom zastúpení v izraelskom chápaní. Distribučné zmluvy a ich zvláštnosti. 
610 2 0 |a styk zahraničnoobchodný 
610 2 0 |a vývoz 
610 2 0 |a Izrael 
610 2 0 |a zmluvy obchodné 
610 2 0 |a zástupcovia obchodní 
610 2 0 |a zmluvy 
610 2 0 |a distribúcia 
610 2 0 |a legislatíva 
610 2 0 |a zákony 
610 2 0 |a dohody obchodné